Freedom in economics : new perspectives in normative analysis /
Guardado en:
| Otros Autores: | |
|---|---|
| Formato: | Libro |
| Idioma: | English |
| Publicado: |
London ; New York :
Routledge,
1998.
|
| Series: | Routledge studies in social and political thought ;
6 |
| Materias: | |
| Acceso en línea: | Publisher description |
| Etiquetas: |
Agregar Etiqueta
Sin Etiquetas, Sea el primero en etiquetar este registro!
|
| LEADER | 02875cam a2200253 a 4500 | ||
|---|---|---|---|
| 001 | EEO.eeo001047 | ||
| 008 | 970226s1998####enk####g#b####001#0#eng## | ||
| 005 | 20100923123808.0 | ||
| 245 | 0 | 0 | |a Freedom in economics : |b new perspectives in normative analysis / |c edited by Jean-François Laslier ... [et al.]. |
| 260 | |a London ; |a New York : |b Routledge, |c 1998. | ||
| 300 | |a x, 299 p. ; |c 25 cm. | ||
| 440 | 0 | |a Routledge studies in social and political thought ; |v 6 | |
| 500 | |a Basados en ejemplos de trabajos presentados en la conferencia que se llevo a cabo en la Université de Cergy-Pontoise en junio 20-21, 1995. | ||
| 504 | |a Incluye referencias bibliográficas e índices. | ||
| 505 | 0 | |a The values of freedom / Kolm, Serge-Christophe -- Liberty and its value / Hausman, Daniel M., 1947- -- Individual freedom and social choice / Puppe, Clemens, 1960- -- Freedom of choice and individual preferences : a comment on clements puppe's 'individual freedom and social choice' / Gravel, Nicolas ; Laisler, Jean-Françoise ; Trannoy, Alain -- Individual freedom of choice in a social setting / Gravel, Nicolas ; Laisler, Jean-Françoise ; Trannoy, Alain -- Impersonal versus objectvist conceptions of freedom : a comment on 'individual freedom of choice in a social setting' / Puppe, Clemens, 1960- -- Interpretative, semantic and formal difficulties of the social choice rule approach to rights / Brunel, Anne ; Salles, Maurice -- Difficulties with the social choice rule approach to rights : some comments on brunel and salles / Hammond, Peter J. -- Effectivity functions, game forms, games and rights / Peleg, Bezalel -- Rights and powers : reflections on bezalel peleg's theory of effectivity functions. Game forms, games and rights / Picaver, Emmanuel -- Rights, free exchange and widespread externalities / Hamond, Peter J. -- A comment on 'rights, exchange and externalities' / Villar, Antonio -- Real freedom and distributive justice / Arneson, Richard -- Justice as tha fair distribution of freedom : fetishism of stoicism? / Parijs, Philippe van, 1951- -- Equalitiy among responsible individuals / Fleurbaey, Marc -- Equality versus what? / Gevers, Louis -- Equal opportunity for health : paying the costs of smoking-induced lung cancer / Roemer, John E. -- Some trade-offs in Roemer's mechanism / Gaer, Dirk van de -- The empirical acceptance of compensation axioms / Schokkaert, Erik ; Devooght, Kurt -- Comments on 'the empirical acceptance of compensation axioms' / Bossert, Walter | |
| 020 | |a 0415154685 | ||
| 700 | 1 | |a Laslier, Jean-François. |4 edt | |
| 082 | 0 | 0 | |a 330.1 |2 21 |
| 650 | 7 | |a Economía del bienestar. |2 Isoc | |
| 010 | |a 97007493 | ||
| 040 | |a DLC |c DLC |d DLC | ||
| 050 | 0 | 0 | |a HB846.8 |b .F73 1998 |
| 856 | 4 | 2 | |3 Publisher description |u http://www.loc.gov/catdir/enhancements/fy0649/97007493-d.html |
| 859 | |a AR-BaUEB |b BIB. ECONOMIA - General |h 330.1 |i L335 |p e12053 | ||
